Психологические барьеры, возникающие в процессе обучения русскому языку как иностранному у студентов из стран азиатско-тихоокеанского региона; Уровневая подготовка специалистов: государственные и международные стандарты инженерного образования

Podrobná bibliografie
Parent link:Уровневая подготовка специалистов: государственные и международные стандарты инженерного образования.— 2012.— [С. 245-247]
Hlavní autor: Шевелева С. И. Светлана Игоревна
Další autoři: Сивицкая Л. А. Людмила Анатольевна
Shrnutí:Заглавие с экрана
Jazyk:ruština
Vydáno: 2012
Edice:Образовательные технологии и методы реализации интегративного подхода. Компетентность преподавателя
Témata:
On-line přístup:http://www.lib.tpu.ru/fulltext/c/2012/C09/110.pdf
Médium: MixedMaterials Elektronický zdroj Kapitola
KOHA link:https://koha.lib.tpu.ru/cgi-bin/koha/opac-detail.pl?biblionumber=231172

MARC

LEADER 00000nla2a2200000 4500
001 231172
005 20240111155602.0
035 |a (RuTPU)RU\TPU\book\252188 
035 |a RU\TPU\book\252159 
090 |a 231172 
100 |a 20130130d2012 k y0rusy50 ca 
101 0 |a rus 
102 |a RU 
105 |a y z 101zy 
181 0 |a i  
182 0 |a b 
200 1 |a Психологические барьеры, возникающие в процессе обучения русскому языку как иностранному у студентов из стран азиатско-тихоокеанского региона  |f С. И. Шевелева, Л. А. Сивицкая 
203 |a Текст  |c электронный 
225 1 |a Образовательные технологии и методы реализации интегративного подхода. Компетентность преподавателя 
300 |a Заглавие с экрана 
320 |a [Библиогр.: с. 247 (9 назв.)] 
337 |a Adobe Reader 
463 1 |0 (RuTPU)RU\TPU\book\240708  |t Уровневая подготовка специалистов: государственные и международные стандарты инженерного образования  |o сборник трудов научно-методической конференции, 3-6 апреля 2012 г.  |f Национальный исследовательский Томский политехнический университет (ТПУ)  |v [С. 245-247]  |d 2012 
610 1 |a труды учёных ТПУ 
610 1 |a электронный ресурс 
610 1 |a психологические барьеры 
610 1 |a обучение 
610 1 |a русский язык 
610 1 |a русский язык как иностранный 
610 1 |a иностранные студенты 
700 1 |a Шевелева  |b С. И.  |c лингвист  |c старший преподаватель Томского политехнического университета  |f 1972-  |g Светлана Игоревна  |3 (RuTPU)RU\TPU\pers\29165  |9 13791 
701 1 |a Сивицкая  |b Л. А.  |c лингвист, специалист в области методики преподавания иностранных языков  |c доцент Томского политехнического университета  |g Людмила Анатольевна  |3 (RuTPU)RU\TPU\pers\24744 
801 2 |a RU  |b 63413507  |c 20130201  |g RCR 
856 4 |u http://www.lib.tpu.ru/fulltext/c/2012/C09/110.pdf 
942 |c CF